000 00935nam a22002297a 4500
999 _c7668
_d7668
003 AR-CdUCM
008 190321b ||||| |||| 00| 0 spa d
020 _a84-335-5310-0
040 _aMUNICIPALIDAD PROVINCIAL DEL CUSCO
_cBIBLIOTECA MUNICIPAL DEL CUSCO
082 _24ed.
_a530.1 /
_bK78
100 _aKourganoff, Vladimir
_921660
245 _aIntroducción a la teoría de la relatividad /
260 _aBarcelona :
_b Labor,
_c1973.
300 _a169 paginas ;
_c20 cm.
505 _aContenido :El espacio y el tiempo en la vida cotidiana -- Localización y medida de las distancias -- Instantes y duraciones en un lugar determinado -- La noción de velocidad y la simultaneidad a distancia -- Sincronización de los relojes ...
650 _aRelatividad
_921661
650 _aEspacio y tiempo
_94107
650 _aFísica pura
_920428
700 _aBoix, Isidoro (traductor)
_921662
942 _2ddc
_cLIBROS
945 _arum